000 00434nam a2200169Ia 4500
005 20241014042727.0
008 240331s9999 xx 000 0 und d
020 _a0521398525
082 _bRUT
_a820
100 _aRuthven, K.K
245 0 _aFeminist literary studies :
_bAn introduction
260 _aCambridge
_bCambridge University Press
_c1984
300 _avii, 152 p .,
650 _aFeminist
650 _aEnglish
942 _cL
999 _c3154
_d3154